000 00363nam a22001217a 4500
999 _c584
_d584
005 20200815145545.0
008 200815b ||||| |||| 00| 0 eng d
020 _a58210825x
040 _cCML
245 _aA humanist in Africa.
_cKaunda, K.D.
260 _aGreat Britain
_bLangmans, Green and Co Ltd
_c1966
942 _2ddc
_cBK
_e1st Edition
_h321
_mKAU